01398nab a22002417a 4500999001500000003000400015005001700019008004100036040000700077100003400084245016600118260007300284300001200357500003800369505036700407505008200774650002300856650003300879650004700912650002400959773016000983942001301143 c5593d5593OSt20251219175537.0190429b xxu||||| |||| 00| 0 spa d cPJ 96572a Elías, Juan Ignacio 10aLey 27.786 y estándares de participación en asociaciones mafiosas. Un análisis a la luz de la normativa y jurisprudencia italiana /cJuan Ignacio Elías . cCiudad Autónoma de Buenos Aires :aThomson Reuters La Ley, b2025. ap. 5-16 a Cita: TR LALEY AR/DOC/2849/2025. aSumario: I. Introducción.— II. Mafia ¿ Crimen organizado.— III. La reforma penal argentina (ley 27.786).— IV. La asociación mafiosa en el Cód. Penal italiano.— V. Derecho penal de la emergencia y garantismo: la crítica de Ferrajoli.— VI. El standard de participación elaborado en la jurisprudencia italiana.— VII. Consideraciones finales.  tSi te interesa el texto completo, solicitalo a koha@justierradelfuego.gov.ar  09343aDERECHO PENAL 092758aASOCIACIÓN ILÍCITA 09615aDERECHOS Y GARANTIAS CONSTITUCIONALES 09180aDEBIDO PROCESO0 0265893164tRevista de derecho penal y criminología. Nº 11 - Diciembre 2025dCiudad Autónoma de Buenos Aires : Thomson Reuters La Ley, 2017-x00347914 2udccANA